LEADER 00965nam--2200349---450- 001 990002206270203316 005 20100803113302.0 035 $a000220627 035 $aUSA01000220627 035 $a(ALEPH)000220627USA01 035 $a000220627 100 $a20041123d1970----km-y0itay0103----ba 101 0 $aita 102 $aIT 105 $a||||||||001yy 200 1 $a<>orlo dello zero$fRoberto Guiducci 210 $aMilano$cRizzoli$d1970 215 $a129 p.$d21 cm 225 2 $aDocumenti letterari 410 0$12001$aDocumenti letterari 454 1$12001 461 1$1001-------$12001 700 1$aGUIDUCCI,$bRoberto$011503 801 0$aIT$bsalbc$gISBD 912 $a990002206270203316 951 $aVI.3.F. 170 (Coll DAF 2)$b46764 G.$cColl DAF$d00274544 959 $aBK 969 $aUMA 979 $aSIAV6$b10$c20041123$lUSA01$h1822 979 $aRSIAV4$b90$c20100803$lUSA01$h1133 996 $aOrlo dello zero$9215903 997 $aUNISA